Score 0/25 Timer 06:00
0 Plays Today
% Correct
eyebrows
77.3%
cats
75.9%
mating
74.9%
underwear
71.2%
penis
70.9%
spiders
64%
feces
62.1%
parenthood
57%
social distancing
57%
misreading emotions
52.5%
skin cells
52%
genetic data
49.1%
punches
48.5%
% Correct
knives
48.3%
chewing
45.6%
whale tail
44.2%
stars
40.4%
radio waves
39.3%
leakage
35.8%
zombie
34.2%
scratching
32.3%
burping
32.2%
paperclip
20.8%
Viagra
20.2%
kissing
19.3%
Remove Ads.
Support Sporcle.
Get the best of Sporcle when you Go Orange. This ad-free experience offers more features, more stats, and more fun while also helping to support Sporcle. Thank you for becoming a member.

You're not logged in!

Compare scores with friends on all Sporcle quizzes.
OR
Log In

Show Comments

Extras

Top Quizzes Today


Score Distribution

Your Account Isn't Verified!

In order to create a playlist on Sporcle, you need to verify the email address you used during registration. Go to your Sporcle Settings to finish the process.

Report this User

Report this user for behavior that violates our Community Guidelines.

Details: